|
|
|
|
| LEADER |
00889nam a22002417a 4500 |
| 001 |
42303 |
| 003 |
BD-DhAAL |
| 008 |
240222t2006 inu||||| |||| 00| 0 eng d |
| 020 |
|
|
|a 142083410X
|
| 020 |
|
|
|a 9781420834109
|
| 040 |
|
|
|a BD-DhAAL
|c BD-DhAAL
|
| 082 |
|
|
|a 823.92
|2 23
|
| 100 |
|
|
|a Hasib, Rukhsana,
|e author.
|9 56048
|
| 245 |
|
|
|a Shackles of time /
|c Rukhsana Hasib.
|
| 264 |
|
|
|a Bloomington, Indiana :
|b AuthorHouse,
|c c2006.
|
| 300 |
|
|
|a ix, 328 pages ;
|c 24 cm.
|
| 541 |
|
|
|a Donated by Rebecca Dipa Khan
|e 42303
|
| 650 |
|
|
|a FICTION / Women.
|2 bisacsh
|9 56049
|
| 655 |
|
|
|a Fiction.
|
| 852 |
|
|
|a Ayesha Abed Library
|c General Stacks
|
| 942 |
|
|
|2 ddc
|c BK
|
| 999 |
|
|
|c 46419
|d 46419
|
| 952 |
|
|
|0 0
|1 0
|2 ddc
|4 0
|6 823_920000000000000_HAS
|7 0
|9 75177
|a BRACUL
|b BRACUL
|c GEN
|d 2024-02-22
|e Donated By Rebecca Dipa Khan
|l 0
|o 823.92 HAS
|p 3010042303
|r 2025-07-08
|t 1
|w 2024-02-22
|y BK
|